Study on traditional medicine plants utilization in prek thnot community protect area at prek thont commune, teuk chhou district, kampot province, ការសិក្សាអំពីការប្រើប្រាស់រុក្ខជាតិឱសថតាមបែបប្រពៃណី នៅក្នុងសហគមន៍ការពារធនធានធម្មជាតិព្រែកត្នោត នៅឃុំព្រែកត្នោត ស្រុកទឹកឈូ ខេត្តកំពត. (Record no. 3465)
[ view plain ]
| 000 -LEADER | |
|---|---|
| fixed length control field | 00898nam a22001577a 4500 |
| 003 - CONTROL NUMBER IDENTIFIER | |
| control field | OSt |
| 005 - DATE AND TIME OF LATEST TRANSACTION | |
| control field | 20151116144006.0 |
| 008 - FIXED-LENGTH DATA ELEMENTS--GENERAL INFORMATION | |
| fixed length control field | 151116b xxu||||| |||| 00| 0 eng d |
| 040 ## - CATALOGING SOURCE | |
| Transcribing agency | RUA |
| 082 ## - DEWEY DECIMAL CLASSIFICATION NUMBER | |
| Classification number | FOR CHH 2012 B141 Or.1 |
| 100 ## - MAIN ENTRY--PERSONAL NAME | |
| 9 (RLIN) | 3724 |
| Personal name | CHHIN NA VIN |
| 245 ## - TITLE STATEMENT | |
| Title | Study on traditional medicine plants utilization in prek thnot community protect area at prek thont commune, teuk chhou district, kampot province, ការសិក្សាអំពីការប្រើប្រាស់រុក្ខជាតិឱសថតាមបែបប្រពៃណី នៅក្នុងសហគមន៍ការពារធនធានធម្មជាតិព្រែកត្នោត នៅឃុំព្រែកត្នោត ស្រុកទឹកឈូ ខេត្តកំពត. |
| 260 ## - PUBLICATION, DISTRIBUTION, ETC. (IMPRINT) | |
| Place of publication, distribution, etc. | Phnom Penh |
| Name of publisher, distributor, etc. | RUA |
| Date of publication, distribution, etc. | 2012 |
| 300 ## - PHYSICAL DESCRIPTION | |
| Extent | x; 44p. |
| Other physical details | ill. |
| Dimensions | 29cm. |
| 942 ## - ADDED ENTRY ELEMENTS (KOHA) | |
| Source of classification or shelving scheme | |
| Koha item type | FOR |
| Price effective from | Date last seen | Permanent Location | Not for loan | Date acquired | Source of classification or shelving scheme | Koha item type | Lost status | Withdrawn status | Total Renewals | Date last checked out | Total Checkouts | Shelving location | Damaged status | Barcode | Current Location | Full call number |
|---|---|---|---|---|---|---|---|---|---|---|---|---|---|---|---|---|
| 2015-11-16 | 2015-11-16 | Library Block B | 2015-11-16 | FOR | B141 | RUA026683 | Library Block B | FOR CHH 2012 B141 Or.1 | ||||||||
| 2015-11-16 | 2015-11-16 | Library Block B | 2015-11-16 | FOR | B141 | RUA026611 | Library Block B | FOR CHH 2012 B141 Or.2 | ||||||||
| 2015-11-16 | 2015-11-16 | Library Block B | 2015-11-16 | FOR | B141 | RUA026617 | Library Block B | FOR CHH 2012 B141 Or.3 | ||||||||
| 2015-11-16 | 2015-11-16 | Library Block B | 2015-11-16 | FOR | B141 | RUA026545 | Library Block B | FOR CHH 2012 B141 Or.4 | ||||||||
| 2015-11-16 | 2015-11-16 | Library Block B | 2015-11-16 | FOR | B141 | RUA017045 | Library Block B | FOR CHH 2012 B141 Or.5 | ||||||||
| 2015-11-16 | 2025-08-07 | Library Block B | 2015-11-16 | FOR | 2 | 2025-07-15 | 2 | B141 | RUA027398 | Library Block B | FOR CHH 2012 B141 Or.6 | |||||
| 2015-11-16 | 2015-11-16 | Library Block B | 2015-11-16 | FOR | B141 | RUA027326 | Library Block B | FOR CHH 2012 B141 Or.7 |